000 00650cam a22002053a 4500
001 45634
003 PGUSA
005 20140828084045.0
008 140511s2014||||xxu|||||s|||||000 | eng d
040 _aPGUSA
_beng
042 _adc
100 1 _aMooney, James,
_d1861-1921
245 1 0 _aMyths of the Cherokee :
_bExtract from the Nineteenth Annual Report of the Bureau of American Ethnology
_h[electronic resource] /
_cJames Mooney
260 _bProject Gutenberg,
_c2014
506 _aPublic domain in the USA.
516 _aElectronic text
830 0 _aProject Gutenberg
_v45634
856 4 0 _uhttp://www.gutenberg.org/ebooks/45634
942 _cEB
999 _c274884
_d274884